000 00742cab a2200253 4500
001 ABS55935
008 090401t1996 xxu||||| |||| 00| 0 eng d
035 _a(Sirsi) u19929
041 _aeng
100 _aYoung, P.
245 _aMouldering monuments
260 _c1996
350 _a0
490 _aNew Scientist
_v152(2054) 2 November 1996, 36-37(2)
520 _aConsiders how microorganisms attack stone structures and whether pollution accelerates this biodeterioration.
650 _aAIR POLLUTION
650 _aBIODETERIORATION
650 _aFUNGAL ATTACK
650 _aMICROORGANISMS
650 _aSTONE BUILDINGS
690 _aBUILDING AND CONSTRUCTION-REPAIRS AND MAINTENANCE
942 _n0
948 _c04/03/1997
999 _c13358
_d13358